000 00661nam a2200241Ia 4500
003 OSt
005 20221007110217.0
006 a|||||r|||| 00| 0
007 ta
008 221006b |||||||| |||| 00| 0 eng d
024 _a20,612
037 _cTextual
040 _aLCO
_cLCO
_beng
041 _2eng
_aeng
082 _aZ1, L0
100 _aJenkins Robin
_9707234
245 0 _aExploitation
_b The World Power Structure and the Inequality of Nation
260 _aLondon
_bMacGibbon and Kee Ltd UK
_c1970
300 _a224
650 _aEXPLOITATION
_9707235
942 _hZ1, L0
_cTEXL
999 _c1190175
_d1190175